| 000 | 00448nam a2200193Ia 4500 | ||
|---|---|---|---|
| 005 | 20250923145254.0 | ||
| 008 | 008 250917s9999 xx 000 0 eng d | ||
| 037 | _aPeriodicals | ||
| 040 |
_aDSWL _beng _cDSWL |
||
| 041 |
_aeng _2eng |
||
| 084 | _qDSWL | ||
| 245 | 0 | _aInternational Labour Review | |
| 260 |
_aGeneva _bI.L.O _c1973 |
||
| 365 |
_aINR _b45 |
||
| 490 | _vVol.108 | ||
| 925 | _g45 | ||
| 942 | _cCR | ||
| 999 |
_c1449288 _d1449288 |
||